Statistiques concernant Les footballeurs français au Real

Cliquez ici pour prendre le quiz!

Statistiques générales

  • Ce quiz a été pris 158 fois
  • Le résultat moyen est 9 sur 21

Statistiques - réponses

Dates + Nombres de matchs et de butsNom du footballeur% Correct
2009-2023 - 648 matchs - 354 butsKarim Benzema
91%
Depuis 2021 - 124 matchs - 2 butsEduardo Camavinga
88%
Depuis 2022 - 73 matchs - 2 butsAurélien Tchouaméni
87%
2016 - 1 match - 1 butEnzo Zidane
87%
2019-2020 - 2 matchs - 0 butLuca Zidane
87%
2001-2006 - 227 matchs - 49 butsZinédine Zidane
87%
2011-2021 - 360 matchs - 17 butsRaphaël Varane
77%
Depuis 2019 - 155 matchs - 6 butsFerland Mendy
74%
2009-2012 - 117 matchs - 1 butLassana Diarra
39%
1956-1959 - 110 matchs - 32 butsRaymond Kopa
39%
2000-2003 - 145 matchs - 2 butsClaude Makélélé
38%
1999-2000 - 33 matchs - 7 butsNicolas Anelka
33%
2017-2019 - 23 matchs - 0 butThéo Hernandez
32%
2019-2020 - 9 matchs - 0 butAlphonse Areola
27%
2009 - 2 matchs - 0 butJulien Faubert
21%
1997-2000 - 82 matchs - 4 butsChristian Karembeu
19%
1916-1917 - 29 matchs - 14 butsRené Petit
17%
1962-1965 - 105 matchs - 3 butsLucien Muller
4%
1950-1951 - 21 matchs - 1 butJean Luciano
2%
1950-1953 - 47 matchs - 0 butLouis Hon
2%
1928-1929 - ? matchs - ? butsManuel Anatol
2%

Distribution des résultats

Percentile par nombre de réponses

% des personnes avec chaque résultat

Votre développement - résultats

Vous n’avez pas pris ce quiz